000 00492cam a2200181 i 4500
001 37514
005 20230410102147.0
008 070418b2000 dr a 000 0 spa
041 0 _aspa
050 1 4 _a118 PQ 7409
_bF316r 2000
100 1 _aFéliz, Rafael Nino,
_d1954-
245 1 0 _aRastros :
_b(poemas) /
_cRafel Nino Féliz
260 _aSanto Domingo :
_bEditorial Gente,
_c2000
300 _a77 p.
650 4 _aLiteratura dominicana.
650 4 _aPoesía dominicana
942 _2lcc
_cbk
999 _c20237
_d20237